| Tag |
First Indicator |
Second Indicator |
Subfields |
| LEADER |
00000cam a2200000 i 4500 |
| 001 |
in00000047619 |
| 005 |
20151007073430.0 |
| 008 |
790410r19661927nyu b 00110 eng d |
| 010 |
|
|
|a 66028377
|
| 020 |
|
|
|a 0374972206
|
| 035 |
|
|
|a (OCoLC)04843082
|
| 035 |
|
|
|9 AAE9704AM
|
| 040 |
|
|
|a OLP
|c OLP
|d TXA
|d UtOrBLW
|
| 049 |
|
|
|a TXAM
|c [1497618]
|
| 090 |
|
|
|a E336.5
|b .S42 1978
|
| 100 |
1 |
|
|a Sears, Louis Martin,
|d 1885-
|
| 245 |
1 |
0 |
|a Jefferson and the Embargo /
|c by Louis Martin Sears.
|
| 264 |
|
1 |
|a New York :
|b Octagon Books,
|c 1978
|
| 264 |
|
4 |
|c [©1927]
|
| 300 |
|
|
|a ix, 340 pages ;
|c 24 cm.
|
| 336 |
|
|
|a text
|b txt
|2 rdacontent
|
| 337 |
|
|
|a unmediated
|b n
|2 rdamedia
|
| 338 |
|
|
|a volume
|b nc
|2 rdacarrier
|
| 500 |
|
|
|a Includes index.
|
| 504 |
|
|
|a Bibliography: pages 321-324.
|
| 600 |
1 |
0 |
|a Jefferson, Thomas,
|d 1743-1826.
|
| 650 |
|
0 |
|a Embargo, 1807-1809.
|
| 999 |
|
|
|a MARS
|
| 999 |
f |
f |
|s f92cc22a-0230-3d26-ad9f-e0e736d9d001
|i 0b24a6cd-f308-3af7-91c0-85af825e853d
|t 0
|
| 952 |
f |
f |
|p ric
|a Texas A&M University
|b Rellis Campus
|c Joint Library Facility
|d Remote Storage
|t 0
|e E336.5 .S42 1978
|h Library of Congress classification
|i unmediated -- volume
|m A14802213127
|
| 998 |
f |
f |
|a E336.5 .S42 1978
|t 0
|l Remote Storage
|